000 00623nmm a2200193Ia 4500
008 251105s9999||||xx |||||||||||||||||und||
020 _a9786071646781
041 _aspa
100 _aHobbes, Thomas
245 0 _aLeviatán o la materia, forma y poder de una república eclesiástica y civil
264 _a[México D.C., Mexico] :
_bFondo de Cultura Económica,
_c2017
300 _a561 páginas
490 _aPolítica y Derecho
650 _aPolitical Science (General)
700 _aHobbes, Thomas
700 1 _a Sánchez Sarto, Manuel
856 _uhttps://public.digitaliapublishing.com/a/64742
942 _cCF
999 _c66928
_d66928